000 00467nam a2200193Ia 4500
008 101110s9999 xx 000 0 und d
041 _aENGLISH
082 _bSR8649
_a581
100 _aSaxena Sarbhai
245 _aA Text Book of Botany
365 _b20
520 _aBiology/Zoology
546 _aENGLISH
630 _aA Text Book of Botany
650 _aBiology/Zoology
655 _aBiology/Zoology
730 _aA Text Book of Botany
942 _cBOOK
999 _c803940
_d803937